Spolupráca Európskej únie a rozvojových krajín Ázie v súčasnom období

Analýza doterajšieho vývoja spolupráce Európskej únie s krajinami regiónu Južnej Ázie a predstavenie možností a oblastí jej ďašieho rozvoja najmä z pohľadu riešenia ekonomických následkov svetovej finančnej a hospodárskej krízy.

Salvato in:
Dettagli Bibliografici
Autore principale: Károlyiová, Ľubomíra
Natura: Capitolo di libro
Lingua:slovacco
Soggetti:
Tags: Aggiungi Tag
Nessun Tag, puoi essere il primo ad aggiungerne!!

MARC

LEADER 00000nla$a2200000$$$4500
001 0094388
005 20240502083239.7
041 0 |a slo 
044 |a CZ 
245 1 0 |a Spolupráca Európskej únie a rozvojových krajín Ázie v súčasnom období  |c Ľubomíra Károlyiová 
520 |a Analýza doterajšieho vývoja spolupráce Európskej únie s krajinami regiónu Južnej Ázie a predstavenie možností a oblastí jej ďašieho rozvoja najmä z pohľadu riešenia ekonomických následkov svetovej finančnej a hospodárskej krízy. 
610 2 0 |a Európska únia 
610 2 0 |a juhovýchodná Ázia 
610 2 0 |a krajiny rozvojové 
610 2 0 |a spolupráca hospodárska medzinárodná 
610 2 0 |a investori 
610 2 0 |a investovanie 
610 2 0 |a kríza finančná 
610 2 0 |a kríza hospodárska 
100 1 |a Károlyiová, Ľubomíra